| 000 | 007660000a22002290004500 | ||
|---|---|---|---|
| 003 | LK-CoMWRAF | ||
| 005 | 20230914112251.0 | ||
| 008 | 230817t ||||| |||| 00| 0 eng d | ||
| 040 |
_aLK-CoMWRAF _dLK-CoMWRAF _eLK-CoMWRAF |
||
| 041 | _aeng | ||
| 082 |
_a297.124 _bKHA |
||
| 100 | _aKhan, Muhammad Muhsin | ||
| 245 |
_aThe Translation of the meanings of Sahih Al-Bukhari _barabic-english |
||
| 250 | _a6th Edition | ||
| 260 |
_aLahore : _bKazi Publication, _c1986 |
||
| 300 | _a576p | ||
| 490 | _aVolume 3 | ||
| 500 | _aThis vol. includes Umra,the Muhsar,the penalty for hunting by a Muhrim,fasting,Tarawih prayers,I'tikaf,sales,As-Salam,renting,Al-hawala,agriculture,water etc. | ||
| 650 | _aIslamic 2nd Sourse | ||
| 650 | _aProphert's Hadis | ||
| 942 | _cBK | ||
| 999 |
_c1113 _d1113 |
||